000 00674nam a2200217Ia 4500
003 GCL
008 140319s9999 xx 000 0 ara d
040 _aGCL /
_cGCL
082 0 4 _a531.64
_bم ط
100 1 _aمحمود سرى طه
245 1 0 _aالطاقة الجديدة والمتجددة و حاضرها و مستقبلها /
_cمحمود سرى طه
260 _a[S.N] :
_bالهيئة المصرية العامة للكتاب ،
_c1990
300 _a312 ص
490 _a
650 0 4 _aالطاقة الكهربائية
650 0 4 _aالطاقة
650 0 4 _aمصادر الطاقة
650 0 4 _aاشكال
650 0 4 _aتحويل
942 _2ddc
_cBK
999 _c27809
_d27809